How have hired workers fared? A case study of women workers from a Tamil Nadu village, 1977 to 1999 (Record no. 55165)

000 -LEADER
fixed length control field 00549pab a2200181 454500
008 - FIXED-LENGTH DATA ELEMENTS--GENERAL INFORMATION
fixed length control field 180718b2002 xxu||||| |||| 00| 0 eng d
100 ## - MAIN ENTRY--PERSONAL NAME
Personal name Ramachandran, V.K.
245 ## - TITLE STATEMENT
Title How have hired workers fared? A case study of women workers from a Tamil Nadu village, 1977 to 1999
260 ## - PUBLICATION, DISTRIBUTION, ETC.
Date of publication, distribution, etc. 2002
300 ## - PHYSICAL DESCRIPTION
Extent p.311-25.
362 ## - DATES OF PUBLICATION AND/OR SEQUENTIAL DESIGNATION
Dates of publication and/or sequential designation Apr-Jun
650 ## - SUBJECT ADDED ENTRY--TOPICAL TERM
Topical term or geographic name entry element Women workers - India - Tamil Nadu
650 ## - SUBJECT ADDED ENTRY--TOPICAL TERM
Topical term or geographic name entry element Women workers
700 ## - ADDED ENTRY--PERSONAL NAME
Personal name Rawal, Vikas
700 ## - ADDED ENTRY--PERSONAL NAME
Personal name Swaminathan, Madhura
773 ## - HOST ITEM ENTRY
Main entry heading Indian Journal of Labour Economics
909 ## -
-- 55165
Holdings
Withdrawn status Lost status Damaged status Not for loan Permanent Location Current Location Date acquired Serial Enumeration / chronology Barcode Date last seen Price effective from Koha item type
        Indian Institute of Public Administration Indian Institute of Public Administration 2018-07-19 Volume no: 45, Issue no: 2 AR55610 2018-07-19 2018-07-19 Articles

Powered by Koha